Детектирование ядерных материалов с помощью импульсного пучка фотонов; Физико-технические проблемы в науке, промышленности и медицине

Dettagli Bibliografici
Parent link:Физико-технические проблемы в науке, промышленности и медицине.— 2015.— [С. 264-265]
Autore principale: Головков В. М. Владимир Михайлович
Ente Autore: Национальный исследовательский Томский политехнический университет (ТПУ) Физико-технический институт (ФТИ) Лаборатория получения радиоактивных веществ
Riassunto:Заглавие с титульного экрана
Lingua:russo
Pubblicazione: 2015
Serie:Актуальные вопросы ядерного нераспространения, безопасность и экология ядерной отрасли
Soggetti:
Accesso online:http://earchive.tpu.ru/handle/11683/17489
http://www.lib.tpu.ru/fulltext/c/2015/C49/230.pdf
Natura: Elettronico Capitolo di libro
KOHA link:https://koha.lib.tpu.ru/cgi-bin/koha/opac-detail.pl?biblionumber=612806

MARC

LEADER 00000naa2a2200000 4500
001 612806
005 20260428133128.0
035 |a (RuTPU)RU\TPU\conf\10937 
035 |a RU\TPU\conf\10936 
090 |a 612806 
100 |a 20150629d2015 k y0rusy50 ca 
101 0 |a rus 
102 |a RU 
135 |a drgn ---uucaa 
181 0 |a i  
182 0 |a b 
200 1 |a Детектирование ядерных материалов с помощью импульсного пучка фотонов  |f В. М. Головков 
203 |a Текст  |c электронный 
225 1 |a Актуальные вопросы ядерного нераспространения, безопасность и экология ядерной отрасли 
300 |a Заглавие с титульного экрана 
320 |a [Библиогр.: с. 265 (3 назв.)] 
337 |a Adobe Reader 
463 1 |0 (RuTPU)RU\TPU\conf\10637  |t Физико-технические проблемы в науке, промышленности и медицине  |o сборник тезисов докладов VII Международной научно-практической конференции, г. Томск, 3-6 июня 2015 г.  |f Национальный исследовательский Томский политехнический университет (ТПУ) ; под ред. А. Н. Дьяченко [и др.]  |v [С. 264-265]  |d 2015 
610 1 |a труды учёных ТПУ 
610 1 |a электронный ресурс 
610 1 |a детектирование 
610 1 |a ядерные материалы 
610 1 |a импульсные пучки 
610 1 |a фотоны 
700 1 |a Головков  |b В. М.  |c физик  |c заведующий лабораторией Томского политехнического университета, кандидат физико-математических наук  |f 1950-  |g Владимир Михайлович  |3 (RuTPU)RU\TPU\pers\28136 
712 0 2 |a Национальный исследовательский Томский политехнический университет (ТПУ)  |b Физико-технический институт (ФТИ)  |b Лаборатория получения радиоактивных веществ  |3 (RuTPU)RU\TPU\col\19672 
801 2 |a RU  |b 63413507  |c 20210210  |g RCR 
856 4 |u http://earchive.tpu.ru/handle/11683/17489 
856 4 |u http://www.lib.tpu.ru/fulltext/c/2015/C49/230.pdf 
942 |c BK